Junior Eurovision Countries - Statistics

General Stats
  • This quiz has been taken 29 times
  • The average score is 39 of 41
Answer Stats
Year(s) Country % Correct
2003-2012 Belgium
100%
2023-2024 Estonia
100%
2004, 2018- France
100%
2020-2021, 2023-2024 Germany
100%
2007-2008, 2010-2011 Lithuania
100%
2003-2011, 2013, 2015-2019, 2021- North Macedonia
100%
2003-2005 Norway
100%
2006-2010, 2014-2022 Serbia
100%
2003-2007, 2009-2014 Sweden
100%
2004 Switzerland
100%
2006- Ukraine
100%
2003-2005, 2022-2023 United Kingdom
100%
2012, 2015-2019, 2021- Albania
96%
2007-2019, 2021- Armenia
96%
2007-2008, 2011, 2014-2016, 2021 Bulgaria
96%
2003-2006, 2014 Croatia
96%
2003-2008 Greece
96%
2003-2005, 2010-2011 Latvia
96%
2003- Netherlands
96%
2003-2004, 2016- Poland
96%
2006-2007, 2017-2019, 2021- Portugal
96%
2003-2009 Romania
96%
2005-2021 Russia
96%
2014-2015 Slovenia
96%
2003-2006, 2019- Spain
96%
2012-2013, 2018, 2021, 2025- Azerbaijan
92%
2003-2020 Belarus
92%
2003-2009, 2014, 2016-2017, 2024- Cyprus
92%
2003-2005 Denmark
92%
2007- Georgia
92%
2015-2019, 2021- Ireland
92%
2012, 2016, 2018 Israel
92%
2003-2010, 2013- Malta
92%
2010-2013 Moldova
92%
2014-2015, 2025- Montenegro
92%
2014-2019, 2021- Italy
88%
2018-2022 Kazakhstan
88%
2013-2015, 2024- San Marino
88%
2018-2019 Wales
83%
2015-2019 Australia
79%
2005 Serbia and Montenegro
71%
No matching quizzes found
Score Distribution
Percent of People with Each Score
Percentile by Number Answered
Your Score History
You have not taken this quiz